Online
Catalog

Historia del pueblo chino : (Record no. 35748)

MARC details
000 -CABECERA
campo de control de longitud fija 00639nam a2200181 a 4500
001 - NÚMERO DE CONTROL
campo de control 000036257
005 - FECHA Y HORA DE LA ÚLTIMA TRANSACCIÓN
campo de control 20200930075631.0
008 - DATOS DE LONGITUD FIJA--INFORMACIÓN GENERAL
campo de control de longitud fija 120111s1978 mx ab 000 0 spa d
040 ## - FUENTE DE LA CATALOGACIÓN
Centro catalogador/agencia de origen DO-SdBNP
Lengua de catalogación spa
Centro/agencia transcriptor BNPHU
082 ## - NÚMERO DE LA CLASIFICACIÓN DECIMAL DEWEY
Número de clasificación xxx
Número de documento/Ítem G654h
100 1# - ENTRADA PRINCIPAL--NOMBRE DE PERSONA
Nombre de persona Goodrich, L. Carrington
9 (RLIN) 62359
245 10 - MENCIÓN DE TÍTULO
Título Historia del pueblo chino :
Resto del título desde los orígenes hasta 1967 /
Mención de responsabilidad, etc. L. Carrington Goodrich.
250 ## - MENCIÓN DE EDICIÓN
Mención de edición 2a ed.
260 ## - PUBLICACIÓN, DISTRIBUCIÓN, ETC.
Lugar de publicación, distribución, etc. México :
Nombre del editor, distribuidor, etc. Fondo de Cultura Económica,
Fecha de publicación, distribución, etc. 1978.
300 ## - DESCRIPCIÓN FÍSICA
Extensión 336 p. :
Otras características físicas il., mapas ;
Dimensiones 17 cm.
490 1# - MENCIÓN DE SERIE
Mención de serie Brevarios del Fondo de Cultura Económica
Designación de volumen o secuencia 30
830 #0 - PUNTO DE ACCESO ADICIONAL DE SERIE-TÍTULO UNIFORME
Título uniforme Brevarios del Fondo de Cultura Económica ;
Designación de volumen o secuencia 30
9 (RLIN) 62360
Holdings
Estado de retiro Estado de pérdida Restricciones de uso No para préstamo Código de colección Localización permanente Ubicación/localización actual Ubicación en estantería Fecha de adquisición Número de inventario Total de préstamos Signatura topográfica completa Código de barras Fecha visto por última vez Precio válido a partir de Tipo de ítem Koha
        Monografías: Libros y Folletos General General Orden iniciada 11.01.2012 LF1   xxx G654h 36257-10 25.06.2020 25.06.2020 No se presta

Powered by Koha